000 01588cam a22004694i 4500
003 PE-LiUPU
005 20250731173529.0
008 150616s r 000 0 d
020 _a0801010535
035 _a(Sirsi) i9780801010538
040 _aPE-LiUPU
_bspa
_cPE-LiUPU
_erda
049 _aPRUA
082 0 4 _a226.4077
_bB64
_221
100 1 _aBock, Darrell L.,
_eautor.
245 1 0 _aLuke 1:1 - 9:50 /
_cDarrell L. Bock.
264 1 _aMichigan :
_bBaker Books,
_c1994.
300 _a987 páginas ;
_c23 centímetros
336 _atext
_2rdacontent
337 _aunmediated
_2rdamedia
338 _avolume
_2rdacarrier
504 _aIncluye bibliografía.
505 0 _aLuke's preface and the introduction of John and Jesus.- Preparation for ministry: anointed by God.- Galilean Ministry: revelation of Jesus.
526 _aSEG42
526 _aSEG41
526 _aSEG40
526 _aSEG39
526 _aP94
526 _aP87
526 _aP86
526 _aP85
526 _aP77
526 _aP76
526 _aP35
630 _aBiblia.
_pN.T.
_pLucas
_xComentarios.
910 _ajck
_bjvq
_cjck
942 _2ddc
_cBOOK
949 _a226.4077 B64
_wDEWEY
_c1
_i42209
_lCCODEBUL1
_mBUL
_r0
_sY
_tBOOK
_u2015-6-16
_xTEOLOGIA
_zUNKNOWN
_0COMPRA
_o.STAFF. Colección General
994 _aC0
_bPEPRU
596 _a1
999 _a226.4077 B64
_wDEWEY
_c60040
_i42209
_d60040
_f2021-11-9
_g6
_lCCODEBUL1
_mBUL
_q2
_r0
_sY
_tBOOK
_u2015-6-16
_xTEOLOGIA
_zUNKNOWN
_0COMPRA
_o.STAFF. Colección General
980 _81
_gALBERTO SANCHEZ Responsable de Automatización